00913cam a2200241 a 450000500170000002000270001704000350004408200180007910000230009724500830012025000120020326000470021530000330026244000430029550001270033850400190046554600090048465000200049365000190051370000230053285600620055585600540061720251006081234.0 a0767410645cTZS 8000/= aMCCLbeng.eAACR 2nd. ed. rev.00a519.50243 THO1 aThorne, B. Michael10aStatistics for the behavioral sciences /cB. Michael Thorne, J. Martin Giesen. a3rd ed. aMountain View, Calif. :bMayfield,cc2000. axx, 439 p. :bill. ;c25 cm. aStatistics for the Behavioral Sciences aAn Instructor's manual, a Study guide with computer exercises, and a Solutions manual are available to accompany the text. aIncludes index aeng. 0aSocial sciences 0aPsychometrics.1 aGiesen, J. Martin.42uhttp://www.loc.gov/catdir/description/mh024/99033807.html41uhttp://www.loc.gov/catdir/toc/mh023/99033807.html